Aviões de guerra ocidentais - Statistics

Estatísticas Gerais
  • Esse quiz foi jogado 52 vezes
  • A pontuação média é 5 de 16
Estatísticas das Respostas
Imagem Resposta % Correto
B2 spirit
61%
F22 Raptor
55%
F15 Eagle
52%
F14 Tomcat
48%
Gripen
48%
A10 Thunderbolt
45%
F18 hornet
39%
F4 Phantom
36%
Rafale
27%
Typhoon
27%
B1 Lancer
18%
F16 fighting falcon
18%
Tornado
18%
A4 Skyhawk
15%
Mirage F1
9%
F111 Raven
0%
Nenhum quiz correspondente encontrado
Distribuição das Pontuações
Porcentagem de Pessoas com Cada Pontuação
Percentil de Números Respondidos
Sua Pontuação Histórica
Você não jogou esse quiz